00546nam a2200181Ia 450000500170000000800410001702000150005808200190007310000110009224500640010326000400016730000180020765000130022565000120023894200060025095200950025699900130035120250319011851.0240331s9999 xx 000 0 und d a0415902002 a160bNYE23795 aNye, A 0aWords of Power:bA Feminist Reading of the History of Logic aLondon;aNew York,bRoutledgec1990 axiii, 190 p., aFeminism aHistory cL 001040708LaWERCLbWERCLcSSCd2024-03-31l0o 160 NYEp3795r2024-03-31w2024-03-31yL c759d759